[Event "CHN-chT"]
[Site "Qingdao"]
[Date "2024.04.10"]
[Round "9.2"]
[White "Ma, Zhonghan"]
[Black "Peng, Xiongjian"]
[Result "0-1"]
[WhiteElo "2469"]
[BlackElo "2521"]
[PlyCount "172"]
[EventDate "2024.04.02"]
[EventType "team-swiss"]
[EventRounds "9"]
[EventCountry "CHN"]
[SourceTitle "CB16_2024"]
[SourceDate "2024.04.17"]
[SourceVersion "1"]
[SourceVersionDate "2024.04.17"]
[SourceQuality "1"]
[WhiteTeam "Qingdao"]
[BlackTeam "Chongqing"]
[WhiteTeamCountry "CHN"]
[BlackTeamCountry "CHN"]

1. Nf3 Nf6 2. c4 e6 3. g3 b6 4. Bg2 Bb7 5. 0-0 Be7 6. d3 d5 7. cxd5 exd5 8. Nd4 0-0 9. Nc3 c5 10. Nf5 Nc6 11. Bg5 Nd4 12. Nxe7+ Qxe7 13. e3 Ne6 14. Bxf6 Qxf6 15. Nxd5 Bxd5 16. Bxd5 Rad8 17. Qb3 Rd6 18. Rad1 Rfd8 19. Bg2 h5 20. h4 R8d7 21. Rd2 g6 22. Rfd1 g5 23. hxg5 Qxg5 24. Qc4 a5 25. a4 Qg4 26. Qxg4+ hxg4 27. Kf1 Kg7 28. Ke2 f5 29. Rc1 Kf6 30. Rh1 Rd8 31. Bb7 Re8 32. Kd1 Rb8 33. Ba6 Kg6 34. Bc4 Ng5 35. Ke2 Rbd8 36. Rc2 Nf3 37. Rc3 Re8 38. Ba2 Rd4 39. Rc4 Rd6 40. Bb1 Nd4+ 41. Kd2 Nf3+ 42. Kc3 Ng5 43. e4 fxe4 44. dxe4 Re5 45. Rh4 Rf6 46. Rxg4 Rxf2 47. Kb3 Rg2 48. Rc3 Kf6 49. Rf4+ Ke6 50. Re3 Nf7 51. Kc3 Nd6 52. Bd3 Rg5 53. Rff3 Ke5 54. b3 Rg4 55. Bc2 Rg8 56. Bd3 Rg4 57. Bc2 Rg8 58. Bd3 Rh8 59. Rf5+ Nxf5 60. exf5+ Kd6 61. Re6+ Kc7 62. Re7+ Kd6 63. Re6+ Kc7 64. Re7+ Kd8 65. Rb7 Rh6 66. Rg7 Rh3 67. Rg8+ Ke7 68. Rg7+ Kf8 69. Rd7 Rgxg3 70. Kc4 Ke8 71. Rd6 Ke7 72. Re6+ Kf7 73. Rd6 Ke7 74. Re6+ Kd7 75. Bf1 Rh5 76. Rf6 Rh1 77. Be2 Re3 78. Re6 Rh4+ 79. Kb5 Rb4+ 80. Ka6 Rxe6 81. Bb5+ Kd6 82. fxe6 Rxb3 83. Kxb6 c4 84. Kxa5 c3 85. Bd3 Rb2 86. e7 Kxe7 0-1

[Event "CHN-chT"]
[Site "Qingdao"]
[Date "2024.04.04"]
[Round "3.1"]
[White "Peng, Xiongjian"]
[Black "Jin, Ruijun"]
[Result "1-0"]
[WhiteElo "2521"]
[BlackElo "1819"]
[PlyCount "141"]
[EventDate "2024.04.02"]
[EventType "team-swiss"]
[EventRounds "9"]
[EventCountry "CHN"]
[SourceTitle "CB16_2024"]
[SourceDate "2024.04.17"]
[SourceVersion "1"]
[SourceVersionDate "2024.04.17"]
[SourceQuality "1"]
[WhiteTeam "Chongqing"]
[BlackTeam "Liaoning"]
[WhiteTeamCountry "CHN"]
[BlackTeamCountry "CHN"]

1. c4 e6 2. Nf3 Nf6 3. g3 d5 4. Bg2 Be7 5. 0-0 0-0 6. b3 c5 7. e3 Nc6 8. Bb2 d4 9. exd4 cxd4 10. Re1 Bd6 11. Nxd4 Nxd4 12. Bxd4 Bxg3 13. hxg3 Qxd4 14. Nc3 Rd8 15. Qe2 Rb8 16. Nb5 Qb6 17. Qe3 Qxe3 18. dxe3 a6 19. Red1 Rxd1+ 20. Rxd1 Bd7 21. Nd6 b6 22. Ne4 Nxe4 23. Rxd7 Nc5 24. Rc7 a5 25. Kf1 g5 26. Bf3 Kg7 27. Bh5 Rb7 28. Rc8 Rd7 29. Rc6 Rb7 30. Ke2 Kh6 31. Bf3 Rb8 32. g4 Kg6 33. Kd2 f5 34. Kc3 fxg4 35. Bxg4 h5 36. Bxe6 Nxe6 37. Rxe6+ Kf5 38. Rh6 h4 39. f3 Rd8 40. Kc2 Ke5 41. Rh5 Kf5 42. f4 Kg4 43. Rxg5+ Kf3 44. Rh5 Kg3 45. f5 h3 46. e4 Rd4 47. Rg5+ Kf4 48. Rg8 Kxe4 49. f6 Rd7 50. Rh8 Rf7 51. Rxh3 Rxf6 52. Kc3 Rf2 53. Rh6 Rxa2 54. Re6+ Kf5 55. Rxb6 Ke5 56. Ra6 Ke4 57. Re6+ Kf5 58. Re1 a4 59. bxa4 Rxa4 60. Kd4 Ra2 61. Kd5 Rd2+ 62. Kc6 Kf6 63. c5 Kf7 64. Kc7 Rc2 65. c6 Rb2 66. Kc8 Rc2 67. c7 Rd2 68. Rb1 Ke7 69. Kb7 Rd7 70. Re1+ Kd6 71. Rd1+ 1-0

[Event "CHN-chT Div A Finals"]
[Site "Nanjing"]
[Date "2023.12.05"]
[Round "4.2"]
[White "Peng, Xiongjian"]
[Black "Wei, Yi"]
[Result "0-1"]
[WhiteElo "2525"]
[BlackElo "2729"]
[PlyCount "62"]
[EventDate "2023.12.02"]
[EventType "team-tourn"]
[EventRounds "10"]
[EventCountry "CHN"]
[SourceTitle "CB50_2023"]
[SourceDate "2023.12.13"]
[SourceVersion "1"]
[SourceVersionDate "2023.12.13"]
[SourceQuality "1"]
[WhiteTeam "Chongqing Jiulongpo"]
[BlackTeam "Jiangsu"]
[WhiteTeamCountry "CHN"]
[BlackTeamCountry "CHN"]

1. e4 c5 2. Nf3 d6 3. d4 cxd4 4. Nxd4 Nf6 5. Nc3 a6 6. Be3 e5 7. Nb3 Be6 8. f3 h5 9. Qd2 Nbd7 10. 0-0-0 Be7 11. Kb1 Rc8 12. h4 b5 13. a3 0-0 14. Be2 Nb6 15. Na5 d5 16. Nxd5 Nbxd5 17. exd5 Nxd5 18. Bg5 f6 19. c4 bxc4 20. Bxc4 Rxc4 21. Nxc4 fxg5 22. Nxe5 Qc7 23. Rhe1 Bxa3 24. Rc1 Bb4 25. Qxg5 Nc3+ 26. bxc3 Bxc3 27. Nc6 Qb6+ 28. Kc2 Qb3+ 29. Kd3 Bf6+ 30. Ke2 Bxg5 31. hxg5 Bc4+ 0-1

[Event "CHN-chT Div A Finals"]
[Site "Nanjing"]
[Date "2023.12.04"]
[Round "3.18"]
[White "Peng, Xiongjian"]
[Black "Lin, Chen"]
[Result "1-0"]
[WhiteElo "2525"]
[BlackElo "2494"]
[PlyCount "137"]
[EventDate "2023.12.02"]
[EventType "team-tourn"]
[EventRounds "10"]
[EventCountry "CHN"]
[SourceTitle "CB50_2023"]
[SourceDate "2023.12.13"]
[SourceVersion "1"]
[SourceVersionDate "2023.12.13"]
[SourceQuality "1"]
[WhiteTeam "Chongqing Jiulongpo"]
[BlackTeam "Jiangsu"]
[WhiteTeamCountry "CHN"]
[BlackTeamCountry "CHN"]

1. Nf3 Nf6 2. g3 g6 3. Bg2 Bg7 4. 0-0 0-0 5. d4 d5 6. c3 c6 7. Nbd2 Bf5 8. Nh4 Be6 9. f4 Qc8 10. e4 Nxe4 11. Nxe4 dxe4 12. Bxe4 Bc4 13. Rf2 e6 14. g4 Nd7 15. g5 Qc7 16. Be3 Bd5 17. Qf3 Nb6 18. Re1 Nc4 19. Bc1 Nd6 20. Bxd5 cxd5 21. Qd3 Rfc8 22. Nf3 b5 23. h4 Qc4 24. Qxc4 Rxc4 25. Be3 a5 26. Rc2 Rac8 27. Rec1 R4c7 28. Kf1 b4 29. Ke2 Nb5 30. Kd3 bxc3 31. bxc3 Bf8 32. Bd2 Bd6 33. c4 dxc4+ 34. Rxc4 a4 35. Rxc7 Rxc7 36. Rb1 Rb7 37. Ne5 Kg7 38. Nc4 Be7 39. Na5 Rb6 40. Be3 Kf8 41. f5 exf5 42. d5 Rb8 43. Bf4 Rb6 44. Be5 Ke8 45. Bd4 Rb8 46. Ba7 Ra8 47. Rxb5 Rxa7 48. Rb8+ Kd7 49. Nc6 Rc7 50. Kd4 f6 51. Nxe7 Kxe7 52. Rb6 Rc2 53. Re6+ Kf7 54. Rxf6+ Ke8 55. a3 Ra2 56. Ra6 Rxa3 57. Ke5 Re3+ 58. Kd6 a3 59. Ra8+ Kf7 60. Ra7+ Kf8 61. Ra4 Kf7 62. Kc6 Rc3+ 63. Kd7 Rd3 64. d6 Rc3 65. Kd8 Ke6 66. d7 Kf7 67. Ra6 Kf8 68. Rf6+ Kg7 69. Ke7 1-0

[Event "Biel HTO 56th"]
[Site "Biel"]
[Date "2023.07.19"]
[Round "3"]
[White "Peng, Xiongjian"]
[Black "Abdulrahman Mohammad, Al Taher"]
[Result "1-0"]
[WhiteElo "2489"]
[BlackElo "2258"]
[PlyCount "89"]
[EventDate "2023.07.17"]
[EventType "swiss"]
[EventRounds "10"]
[EventCountry "SUI"]
[SourceTitle "CBM 215 Extra"]
[Source "ChessBase"]
[SourceDate "2023.09.30"]
[SourceVersion "1"]
[SourceVersionDate "2023.09.30"]
[SourceQuality "1"]

1. c4 e6 2. g3 d5 3. Bg2 Nf6 4. Nf3 Be7 5. 0-0 0-0 6. Na3 b6 7. b3 Bb7 8. Bb2 c5 9. d4 Nbd7 10. Rc1 Rc8 11. Qd3 dxc4 12. Nxc4 b5 13. Nce5 Nxe5 14. Nxe5 Bxg2 15. Kxg2 Qb6 16. dxc5 Bxc5 17. Qf3 Rfe8 18. Rfd1 Rcd8 19. g4 Rxd1 20. Rxd1 Rd8 21. Rxd8+ Qxd8 22. g5 Qd2 23. gxf6 Qxb2 24. Nd7 Qa3 25. Qh5 Bd6 26. Qg5 g6 27. Qxb5 Qc1 28. e3 Qd1 29. Ne5 Bf8 30. Qb7 Qd5+ 31. Qxd5 exd5 32. Nc6 Bc5 33. b4 Bb6 34. a4 a6 35. a5 Bc7 36. Ne7+ Kf8 37. Nxd5 Bd6 38. f4 Ke8 39. e4 Kd7 40. e5 Bf8 41. Kf3 Kc6 42. Ke4 Kb5 43. Kd4 Kc6 44. Kc4 h6 45. Ne7+ 1-0

[Event "CHN-chT DivA"]
[Site "Fuling"]
[Date "2023.06.16"]
[Round "10.1"]
[White "Peng, Xiongjian"]
[Black "Xu, Zhihang"]
[Result "0-1"]
[WhiteElo "2461"]
[BlackElo "2510"]
[PlyCount "146"]
[EventDate "2023.06.05"]
[EventType "team-tourn"]
[EventRounds "11"]
[EventCountry "CHN"]
[SourceTitle "CBM 214 Extra"]
[Source "ChessBase"]
[SourceDate "2023.07.31"]
[SourceVersion "1"]
[SourceVersionDate "2023.07.31"]
[SourceQuality "1"]
[WhiteTeam "Chongqing Jiulongpo"]
[BlackTeam "Hangzhou Bank"]
[WhiteTeamCountry "CHN"]
[BlackTeamCountry "CHN"]

1. Nf3 d5 2. b3 Nf6 3. Bb2 Bf5 4. Nh4 Bc8 5. e3 g6 6. c4 Bg7 7. cxd5 0-0 8. Bc4 Nxd5 9. Bxg7 Kxg7 10. Nc3 Nxc3 11. dxc3 Nd7 12. Nf3 e5 13. h4 h6 14. h5 g5 15. Qd5 Qe7 16. Qa5 c6 17. Qc7 Re8 18. 0-0-0 Nf6 19. Qxe7 Rxe7 20. Rd8 b5 21. Be2 Ne4 22. Nd2 Nxc3 23. Bf3 Rd7 24. Rxd7 Bxd7 25. Kb2 b4 26. Nb1 g4 27. Bd1 Nxb1 28. Kxb1 Rd8 29. f3 g3 30. Kc1 c5 31. Be2 Be6 32. Rh4 Kf6 33. f4 e4 34. Kc2 a5 35. Rh1 Ke7 36. Rf1 Rd5 37. a4 Kf6 38. Rh1 Rd8 39. Rc1 Kf5 40. Rh1 Rc8 41. Ba6 Rc7 42. Rc1 Kf6 43. Be2 Rd7 44. Bb5 Rd6 45. Be2 Bd7 46. Rh1 Ke7 47. Rf1 Rd5 48. Rh1 Rd6 49. Rf1 Kd8 50. Rh1 Be6 51. Rf1 c4 52. bxc4 Bd7 53. Ra1 Kc7 54. Ra2 Kb6 55. Kb3 Kc5 56. Rb2 Be6 57. Rc2 f5 58. Kb2 Bd7 59. Kb3 Be8 60. Rb2 Bf7 61. Rc2 Rd3+ 62. Bxd3 exd3 63. Rd2 Bxc4+ 64. Kb2 Kd5 65. Kc1 Ke4 66. Rd1 Bb3 67. Re1 Bxa4 68. Kd2 Bc2 69. Rh1 a4 70. Ra1 a3 71. Kc1 Kxe3 72. Rxa3 Ke2 73. Ra1 b3 0-1

[Event "CHN-chT DivA"]
[Site "Fuling"]
[Date "2023.06.15"]
[Round "9.1"]
[White "Lou, Yiping"]
[Black "Peng, Xiongjian"]
[Result "0-1"]
[WhiteElo "2482"]
[BlackElo "2461"]
[PlyCount "52"]
[EventDate "2023.06.05"]
[EventType "team-tourn"]
[EventRounds "11"]
[EventCountry "CHN"]
[SourceTitle "CBM 214 Extra"]
[Source "ChessBase"]
[SourceDate "2023.07.31"]
[SourceVersion "1"]
[SourceVersionDate "2023.07.31"]
[SourceQuality "1"]
[WhiteTeam "Shanghai"]
[BlackTeam "Chongqing Jiulongpo"]
[WhiteTeamCountry "CHN"]
[BlackTeamCountry "CHN"]

1. d4 Nf6 2. c4 e6 3. Nf3 d5 4. cxd5 exd5 5. Nc3 c6 6. Qc2 Na6 7. Bg5 h6 8. Bh4 Nb4 9. Qb3 g5 10. Bg3 Bf5 11. Rc1 Qb6 12. Be5 Be7 13. Qa4 0-0 14. h4 g4 15. Nd2 Nd7 16. Bf4 Qxd4 17. Bxh6 Rfe8 18. e3 Qh8 19. Bg5 Bxg5 20. Qxb4 a5 21. Qd6 Ne5 22. Kd1 Rad8 23. Qc5 d4 24. Nce4 dxe3 25. hxg5 Qxh1 26. Qxe3 Qxf1+ 0-1

[Event "CHN-chT DivA"]
[Site "Fuling"]
[Date "2023.06.12"]
[Round "7.1"]
[White "Chu, Wei Chao"]
[Black "Peng, Xiongjian"]
[Result "0-1"]
[WhiteElo "2411"]
[BlackElo "2461"]
[PlyCount "80"]
[EventDate "2023.06.05"]
[EventType "team-tourn"]
[EventRounds "11"]
[EventCountry "CHN"]
[SourceTitle "CBM 214 Extra"]
[Source "ChessBase"]
[SourceDate "2023.07.31"]
[SourceVersion "1"]
[SourceVersionDate "2023.07.31"]
[SourceQuality "1"]
[WhiteTeam "Tianjin"]
[BlackTeam "Chongqing Jiulongpo"]
[WhiteTeamCountry "CHN"]
[BlackTeamCountry "CHN"]

1. Nf3 g6 2. g3 Bg7 3. Bg2 e5 4. h4 d5 5. c4 d4 6. d3 Nc6 7. h5 Nh6 8. Nbd2 f5 9. b4 Nf7 10. b5 Ne7 11. Nb3 a6 12. Ng5 Nxg5 13. Bxg5 h6 14. Bd2 g5 15. Nc5 c6 16. bxc6 bxc6 17. Qa4 0-0 18. Qa5 Qe8 19. 0-0-0 e4 20. f4 g4 21. Bb4 Qf7 22. Ba3 Be6 23. Rd2 Bxc4 24. dxc4 Qxc4+ 25. Rc2 Qb5 26. Nb3 Rfe8 27. Qxb5 axb5 28. Bxe7 Rxe7 29. Rd1 Ra4 30. Rdd2 Rea7 31. Kb1 Rc4 32. Rc1 Raa4 33. Rb2 Bf8 34. Rxc4 bxc4 35. Nc1 Ra3 36. Rc2 Rxg3 37. Rxc4 Rxg2 38. Rxc6 Ba3 39. Nb3 d3 40. exd3 exd3 0-1

[Event "CHN-chT DivA"]
[Site "Fuling"]
[Date "2023.06.08"]
[Round "4.1"]
[White "Peng, Xiongjian"]
[Black "Kong, Xiangrui"]
[Result "1-0"]
[WhiteElo "2461"]
[BlackElo "2273"]
[PlyCount "95"]
[EventDate "2023.06.05"]
[EventType "team-tourn"]
[EventRounds "11"]
[EventCountry "CHN"]
[SourceTitle "CBM 214 Extra"]
[Source "ChessBase"]
[SourceDate "2023.07.31"]
[SourceVersion "1"]
[SourceVersionDate "2023.07.31"]
[SourceQuality "1"]
[WhiteTeam "Chongqing Jiulongpo"]
[BlackTeam "Hangzhou"]
[WhiteTeamCountry "CHN"]
[BlackTeamCountry "CHN"]

1. d4 d5 2. c4 c6 3. Nf3 Nf6 4. Nc3 e6 5. Bg5 h6 6. Bh4 dxc4 7. e4 g5 8. Bg3 b5 9. Ne5 Bb7 10. h4 g4 11. Be2 Nbd7 12. 0-0 Rg8 13. Qc2 Nh5 14. Nxg4 Nxg3 15. fxg3 Qb6 16. Kh2 0-0-0 17. Rxf7 h5 18. Rxd7 Rxd7 19. Nf6 Qxd4 20. Nxg8 Rg7 21. Nf6 Qxf6 22. Rf1 Qd8 23. e5 Be7 24. Bf3 Qd4 25. Qe4 Qxe4 26. Nxe4 c5 27. Nf6 Bxf3 28. Rxf3 Bxf6 29. exf6 Rg8 30. Rf1 Kd7 31. g4 hxg4 32. h5 e5 33. h6 Ke6 34. f7 Rf8 35. h7 b4 36. Kg3 c3 37. bxc3 bxc3 38. Kxg4 c2 39. Kg5 c4 40. Kg6 Rxf7 41. Rc1 Rf2 42. g4 Rh2 43. Kg7 c3 44. h8Q Rxh8 45. Kxh8 Kf6 46. Rxc2 Kg5 47. Rxc3 Kxg4 48. Ra3 1-0

[Event "CHN-chT DivA"]
[Site "Fuling"]
[Date "2023.06.05"]
[Round "1.1"]
[White "Peng, Xiongjian"]
[Black "Liu, Qingnan"]
[Result "1-0"]
[WhiteElo "2461"]
[BlackElo "2532"]
[PlyCount "77"]
[EventDate "2023.06.05"]
[EventType "team-tourn"]
[EventRounds "11"]
[EventCountry "CHN"]
[SourceTitle "CBM 214 Extra"]
[Source "ChessBase"]
[SourceDate "2023.07.31"]
[SourceVersion "1"]
[SourceVersionDate "2023.07.31"]
[SourceQuality "1"]
[WhiteTeam "Chongqing Jiulongpo"]
[BlackTeam "Shandong"]
[WhiteTeamCountry "CHN"]
[BlackTeamCountry "CHN"]

1. e4 d6 2. d4 g6 3. Nc3 Bg7 4. Be3 a6 5. Qd2 b5 6. a4 b4 7. Nd5 a5 8. f3 Bb7 9. Bc4 e6 10. Nf4 Nf6 11. Bb3 Nc6 12. 0-0-0 e5 13. dxe5 Nxe5 14. h4 h6 15. Nge2 Nfd7 16. Kb1 Qf6 17. Nd5 Bxd5 18. Qxd5 0-0 19. Bd4 Qe7 20. Bxe5 Nxe5 21. h5 g5 22. Rhf1 Nd7 23. Nd4 Nb6 24. Qc6 Bxd4 25. Rxd4 Qe5 26. Rd3 Rac8 27. g3 Qe8 28. Rxd6 cxd6 29. Qxb6 Qe5 30. Rd1 Rfd8 31. Qb7 Qe8 32. Qb6 Rc5 33. Rxd6 Rxd6 34. Qxd6 Qc6 35. Qe7 Qc7 36. Qf6 Rc6 37. Bxf7+ Qxf7 38. Qxc6 Qxf3 39. Qg6+ 1-0

[Event "CHN-chT"]
[Site "Hangzhou"]
[Date "2023.05.25"]
[Round "7.3"]
[White "Peng, Xiongjian"]
[Black "Chen, Hongsen"]
[Result "1-0"]
[WhiteElo "2452"]
[BlackElo "1995"]
[PlyCount "43"]
[EventDate "2023.05.19"]
[EventType "team-swiss"]
[EventRounds "9"]
[EventCountry "CHN"]
[SourceTitle "CBM 214 Extra"]
[Source "ChessBase"]
[SourceDate "2023.07.31"]
[SourceVersion "1"]
[SourceVersionDate "2023.07.31"]
[SourceQuality "1"]
[WhiteTeam "Chongqing"]
[BlackTeam "Jiangsu"]
[WhiteTeamCountry "CHN"]
[BlackTeamCountry "CHN"]

1. e4 e5 2. Nf3 Nc6 3. Bb5 g6 4. c3 a6 5. Bxc6 dxc6 6. d4 exd4 7. cxd4 Bg4 8. Qb3 Bxf3 9. gxf3 Bg7 10. Nc3 Ne7 11. Be3 0-0 12. 0-0-0 b5 13. h4 a5 14. h5 a4 15. Qc2 Nc8 16. e5 Nb6 17. Ne4 Qd5 18. hxg6 fxg6 19. Rxh7 Qc4 20. Rdh1 Rf5 21. Qxc4+ Nxc4 22. Bg5 1-0

[Event "CHN-chT"]
[Site "Hangzhou"]
[Date "2023.05.20"]
[Round "2.2"]
[White "Cong, Dingzhou"]
[Black "Peng, Xiongjian"]
[Result "0-1"]
[WhiteElo "1610"]
[BlackElo "2452"]
[PlyCount "58"]
[EventDate "2023.05.19"]
[EventType "team-swiss"]
[EventRounds "9"]
[EventCountry "CHN"]
[SourceTitle "CBM 214 Extra"]
[Source "ChessBase"]
[SourceDate "2023.07.31"]
[SourceVersion "1"]
[SourceVersionDate "2023.07.31"]
[SourceQuality "1"]
[WhiteTeam "Hainan"]
[BlackTeam "Chongqing"]
[WhiteTeamCountry "CHN"]
[BlackTeamCountry "CHN"]

1. e4 c5 2. Nf3 d6 3. d4 cxd4 4. Nxd4 Nf6 5. Nc3 Nc6 6. Bg5 Bd7 7. Qd2 Rc8 8. f4 Nxd4 9. Qxd4 Qb6 10. Qxb6 axb6 11. 0-0-0 Rxc3 12. bxc3 Nxe4 13. Bh4 Bc6 14. Kb2 g5 15. fxg5 Bg7 16. Rd3 Be5 17. Be1 Nxg5 18. h4 Ne4 19. Rhh3 Rg8 20. Rde3 f5 21. g3 e6 22. Be2 Ke7 23. Kb1 d5 24. Rf3 Be8 25. Re3 Bd6 26. Bf1 Bc5 27. Rd3 Bh5 28. Rh2 f4 29. Bg2 fxg3 0-1

[Event "China zt 3.5"]
[Site "Shenzhen"]
[Date "2023.04.13"]
[Round "9"]
[White "Huang, Renjie"]
[Black "Peng, Xiongjian"]
[Result "1-0"]
[WhiteElo "2413"]
[BlackElo "2461"]
[PlyCount "63"]
[EventDate "2023.04.05"]
[EventType "swiss"]
[EventRounds "9"]
[EventCountry "CHN"]
[SourceTitle "CBM 213 Extra"]
[Source "ChessBase"]
[SourceDate "2023.05.31"]
[SourceVersion "1"]
[SourceVersionDate "2023.05.31"]
[SourceQuality "1"]

1. e4 e5 2. Nf3 Nc6 3. Bc4 Bc5 4. c3 Nf6 5. d3 0-0 6. 0-0 d5 7. exd5 Nxd5 8. Re1 Bg4 9. h3 Bh5 10. b4 Be7 11. b5 Na5 12. Rxe5 Nf6 13. Nbd2 Bd6 14. Re1 Qd7 15. Qa4 b6 16. Ba3 a6 17. Bxd6 cxd6 18. Nd4 Bg6 19. N2f3 Rfc8 20. Qb4 Qc7 21. bxa6 Qc5 22. Bb5 Nd5 23. Qb2 Qxc3 24. Qxc3 Nxc3 25. a4 Kf8 26. Nh4 Rc5 27. f4 Rd5 28. Rac1 Nxb5 29. Nxb5 Nb3 30. Rc3 Rxb5 31. axb5 Nd4 32. f5 1-0

[Event "China zt 3.5"]
[Site "Shenzhen"]
[Date "2023.04.10"]
[Round "6"]
[White "Peng, Xiongjian"]
[Black "Xiao, Tong"]
[Result "1/2-1/2"]
[WhiteElo "2461"]
[BlackElo "2173"]
[PlyCount "128"]
[EventDate "2023.04.05"]
[EventType "swiss"]
[EventRounds "9"]
[EventCountry "CHN"]
[SourceTitle "CBM 213 Extra"]
[Source "ChessBase"]
[SourceDate "2023.05.31"]
[SourceVersion "1"]
[SourceVersionDate "2023.05.31"]
[SourceQuality "1"]

1. c4 Nf6 2. Nf3 e6 3. b3 c5 4. Bb2 b6 5. g3 Bb7 6. Bg2 Be7 7. 0-0 0-0 8. Nc3 d5 9. e3 Nc6 10. cxd5 Nxd5 11. Nxd5 exd5 12. d4 Qd7 13. Qd2 Rfd8 14. Rac1 a5 15. a4 Ba6 16. Rfd1 f6 17. dxc5 Bxc5 18. Ne1 Nb4 19. Bc3 Rac8 20. Qb2 Qf5 21. Bxb4 Bxb4 22. Rxc8 Qxc8 23. Nd3 Bc3 24. Qc2 g5 25. Nb2 d4 26. Nc4 Bxc4 27. bxc4 Qxc4 28. exd4 Qb4 29. d5 Bd4 30. Be4 Qc5 31. Bxh7+ Kf8 32. Qg6 Qxd5 33. Qh6+ Ke7 34. Re1+ Kd6 35. Qg7 Rd7 36. Qg6 Qf3 37. Rf1 Re7 38. Qd3 Qxd3 39. Bxd3 Rc7 40. Kg2 Rc3 41. Rd1 Ra3 42. Bb5 Ke5 43. Re1+ Kf5 44. Re7 Bc5 45. Re2 Kg6 46. Rd2 Bb4 47. Rd7 Kf5 48. Rd5+ Ke6 49. Rd8 Bc5 50. Rd2 Kf5 51. Kh3 Kg6 52. Be8+ Kf5 53. Bd7+ Kg6 54. Kg4 Ra1 55. f3 Re1 56. Bf5+ Kf7 57. Rd7+ Re7 58. Rd2 Re3 59. Be4 Ke6 60. Kh5 f5 61. Bc6 Kf6 62. Rd8 Re2 63. h4 gxh4 64. gxh4 Rh2 1/2-1/2

[Event "CHN-chT"]
[Site "Nanjing"]
[Date "2023.02.19"]
[Round "6.2"]
[White "Peng, Xiongjian"]
[Black "Xu, Zhihang"]
[Result "1/2-1/2"]
[WhiteElo "2455"]
[BlackElo "2497"]
[PlyCount "105"]
[EventDate "2023.02.14"]
[EventType "team-swiss"]
[EventRounds "9"]
[EventCountry "CHN"]
[SourceTitle "CBM 212 Extra"]
[Source "ChessBase"]
[SourceDate "2023.03.31"]
[SourceVersion "1"]
[SourceVersionDate "2023.03.31"]
[SourceQuality "1"]
[WhiteTeam "Chongqing"]
[BlackTeam "Hangzhou"]
[WhiteTeamCountry "CHN"]
[BlackTeamCountry "CHN"]

1. e4 e5 2. Nf3 Nc6 3. Bc4 Nf6 4. d3 Bc5 5. c3 d6 6. 0-0 h6 7. b4 Bb6 8. a4 a5 9. b5 Ne7 10. Nbd2 0-0 11. d4 Ng6 12. dxe5 Nxe5 13. Nxe5 dxe5 14. Ba3 Re8 15. h3 Be6 16. Re1 Nh5 17. Bxe6 Rxe6 18. Nc4 Qh4 19. Nxb6 cxb6 20. Qg4 Qxg4 21. hxg4 Nf6 22. c4 Nxg4 23. f3 Nf6 24. Red1 Rc8 25. Rac1 Rc7 26. Rd8+ Kh7 27. Rd6 Rxd6 28. Bxd6 Rc8 29. Bxe5 Nd7 30. Bd6 Kg6 31. Kf2 Nc5 32. Bxc5 Rxc5 33. f4 Kf6 34. Ke3 g5 35. g3 Rc8 36. Rh1 Kg7 37. Rc1 Kf6 38. g4 gxf4+ 39. Kxf4 Rc5 40. Rc2 h5 41. gxh5 Rxh5 42. Rd2 Rh4+ 43. Ke3 Rh3+ 44. Kd4 Rh8 45. Rf2+ Ke6 46. Rf1 Rd8+ 47. Kc3 Rh8 48. Kd4 Rd8+ 49. Ke3 Rc8 50. Kd3 Rd8+ 51. Kc3 Rh8 52. Kd4 Rd8+ 53. Kc3 1/2-1/2

[Event "CHN-chT"]
[Site "Nanjing"]
[Date "2023.02.14"]
[Round "1.2"]
[White "Jiang, Haochen"]
[Black "Peng, Xiongjian"]
[Result "0-1"]
[WhiteElo "1389"]
[BlackElo "2455"]
[PlyCount "116"]
[EventDate "2023.02.14"]
[EventType "team-swiss"]
[EventRounds "9"]
[EventCountry "CHN"]
[SourceTitle "CBM 212 Extra"]
[Source "ChessBase"]
[SourceDate "2023.03.31"]
[SourceVersion "1"]
[SourceVersionDate "2023.03.31"]
[SourceQuality "1"]
[WhiteTeam "Shenzhen"]
[BlackTeam "Chongqing"]
[WhiteTeamCountry "CHN"]
[BlackTeamCountry "CHN"]

1. e4 c5 2. Nf3 Nc6 3. Bb5 e6 4. 0-0 Nge7 5. Re1 a6 6. Bf1 d5 7. exd5 Nxd5 8. d4 Nf6 9. Be3 Be7 10. c4 0-0 11. Nc3 cxd4 12. Nxd4 Bd7 13. Nb3 Ne5 14. Bf4 Ng6 15. Bg3 Bc6 16. Nd4 Qb6 17. Nxc6 bxc6 18. b3 h5 19. h3 h4 20. Bh2 Rad8 21. Qc2 Qa5 22. Rad1 Bc5 23. Rxd8 Rxd8 24. Rd1 Rxd1 25. Nxd1 Bd4 26. Ne3 c5 27. a4 Ne7 28. Bf4 Ng6 29. Bh2 Qe1 30. Qe2 Qc1 31. Nc2 Bb2 32. b4 Nf4 33. Bxf4 Qxf4 34. Qe3 Qxe3 35. fxe3 Nd7 36. a5 Bc3 37. b5 Nb8 38. bxa6 Nxa6 39. Kf2 Bxa5 40. Kf3 Bc7 41. Ne1 Bg3 42. Nd3 Kf8 43. Be2 Ke7 44. Bd1 Kd6 45. Ba4 Nc7 46. Nc1 f5 47. e4 g6 48. Nd3 e5 49. Nc1 Ne6 50. exf5 Nd4+ 51. Kg4 gxf5+ 52. Kh5 e4 53. Bd1 Ke5 54. Kg6 f4 55. Kh5 Nf5 56. Nb3 Ne3 57. Be2 Nxg2 58. Nxc5 f3 0-1

[Event "CHN-chT Div A KO"]
[Site "Liaocheng"]
[Date "2023.02.09"]
[Round "4.4"]
[White "Peng, Xiongjian"]
[Black "Peng, Hongchi"]
[Result "1/2-1/2"]
[WhiteElo "2455"]
[BlackElo "2412"]
[PlyCount "141"]
[EventDate "2023.02.06"]
[EventType "team-k.o."]
[EventRounds "6"]
[EventCountry "CHN"]
[SourceTitle "CBM 212 Extra"]
[Source "ChessBase"]
[SourceDate "2023.03.31"]
[SourceVersion "1"]
[SourceVersionDate "2023.03.31"]
[SourceQuality "1"]
[WhiteTeam "Chongqing Jiulongpo"]
[BlackTeam "Beijing"]
[WhiteTeamCountry "CHN"]
[BlackTeamCountry "CHN"]

1. e4 e5 2. Nf3 Nc6 3. Bb5 Nf6 4. d3 Bc5 5. Bxc6 dxc6 6. Nbd2 Nd7 7. Nc4 0-0 8. Be3 Qe7 9. Bxc5 Qxc5 10. 0-0 Re8 11. Re1 Qe7 12. c3 c5 13. Rc1 b6 14. d4 exd4 15. cxd4 cxd4 16. Nxd4 Nc5 17. b4 Ne6 18. Nc6 Qg5 19. Rc3 Bb7 20. h4 Qxh4 21. N4e5 Qf6 22. Rf3 Nf4 23. Qc1 g5 24. g3 Rxe5 25. Nxe5 Nh3+ 26. Kh2 Qxe5 27. Rf5 Qe7 28. Kxh3 Bc8 29. Qc3 Bxf5+ 30. exf5 Qd6 31. f6 Qd5 32. Re5 Qh1+ 33. Kg4 h6 34. Qd2 Qc6 35. Qd4 Rf8 36. Re7 Qc2 37. f4 gxf4 38. Qxf4 Qg6+ 39. Kh3 Qh5+ 40. Qh4 Qxh4+ 41. Kxh4 Rc8 42. b5 c5 43. bxc6 Rxc6 44. Rxa7 Rxf6 45. a4 Rf1 46. a5 bxa5 47. Rxa5 Kg7 48. g4 Kg6 49. Rb5 Rf3 50. Ra5 Re3 51. Rb5 Re1 52. Ra5 Kf6 53. Rf5+ Ke6 54. Ra5 Kf6 55. Rb5 Kg6 56. Ra5 f6 57. Rb5 Re5 58. Rb6 h5 59. gxh5+ Rxh5+ 60. Kg4 Rc5 61. Rb4 Rg5+ 62. Kf4 Rh5 63. Kf3 Rh1 64. Rg4+ Kf5 65. Rf4+ Ke5 66. Re4+ Kd5 67. Ra4 Ke6 68. Ra5 Rf1+ 69. Ke4 Kf7 70. Ra8 Kg7 71. Rb8 1/2-1/2